| 000 | 01812nam2a2200265 4500 | ||
|---|---|---|---|
| 001 | RU\NLR\PER_A\011363927_000040 | ||
| 005 | 20250626150741.0 | ||
| 035 | _a(NLR Aleph) 011910367 | ||
| 090 |
_a10932593 _c10932593 |
||
| 100 | _a20190116d2018 |||y0rusy50 ca | ||
| 101 | 0 | _arus | |
| 102 | _aRU | ||
| 200 | 1 | _aМатериалы III межрегионального Инфофорума "Безопасность граждан России в информационном мире" - практическая конференция, 29 ноября 2018 г. | |
| 210 |
_d2018 _aБ. м. |
||
| 461 | 0 |
_1001RU\NLR\BIBL_A\011363927 _12001#$aВзгляд в будущее$eнаучный журнал$fОбл. бюджет. проф. образоват. учреждение "Кур. техникум связи"$v№ 4 _911313722 _cКурск _d2017 - _fОбл. бюджет. проф. образоват. учреждение "Кур. техникум связи" _nОБПОУ "КТС" _oнаучный журнал _tВзгляд в будущее _v№ 4 |
|
| 606 | 1 |
_aИнформационные технологии _jСъезды, совещания и т.п _xБезопасность _92125669 _3RU\NLR\AUTH\661283088 |
|
| 606 | 1 |
_aИнформационная безопасность _jСъезды, совещания и т.п _xПравовые вопросы _yРоссийская Федерация _92206380 _3RU\NLR\AUTH\661325591 |
|
| 686 | 1 | _aЗ973.233-082.03я431(2) | |
| 686 | 1 | _aХ621.162я431 | |
| 710 | 1 | 2 |
_a"Безопасность граждан России в информационном мире", межрегиональный инфофорум _d3 _eКурск _f2018 _9584647 _3RU\NLR\AUTH\880461001 |
| 852 |
_aNLR _jП10/7782 |
||
| 942 | _cISSUE | ||
| 980 | _aNB | ||
| 980 | _aRUSPER | ||